| 000 | 00344nam a2200121Ia 4500 | ||
|---|---|---|---|
| 005 | 20260328101510.0 | ||
| 008 | 260328s9999||||xx |||||||||||||| ||und|| | ||
| 100 | _aPetit, Jean | ||
| 245 | 0 |
_aEntretien : _b Avec les etudiants des ecoles d' Architecture - Le Corbusier / _cJean Petit |
|
| 260 | _bDus Minuit | ||
| 650 | _aCorbusier, Le | ||
| 942 | _cBK | ||
| 999 |
_c9159 _d9159 |
||